|
|
|
|
| LEADER |
01065nam a2200265 a 4500 |
| 001 |
15888264 |
| 008 |
100517s2009 vaua 001 0 eng d |
| 010 |
|
|
|a 2009902341
|
| 020 |
|
|
|a 9781931185578 (pbk.)
|
| 020 |
|
|
|a 1931185573 (pbk.)
|
| 040 |
|
|
|a YDXCP
|c YDXCP
|d BTCTA
|d EIK
|d DLC
|
| 082 |
0 |
0 |
|a 428.0071
|2 22
|
| 245 |
0 |
0 |
|a Insights on teaching speaking in TESOL /
|c edited by Tim Stewart.
|
| 260 |
|
|
|a Alexandria, VA :
|b TESOL,
|c c2009
|
| 300 |
|
|
|a x, 262 p. :
|b ill. ;
|c 26 cm.
|
| 490 |
0 |
|
|a TESOL classroom practice series
|
| 504 |
|
|
|a Includes bibliographic references (p. 237-253) and index.
|
| 541 |
1 |
|
|e 00020244
|
| 650 |
|
0 |
|a English language
|x Study and teaching
|x Foreign speakers.
|
| 650 |
|
0 |
|a Speech
|x Study and teaching.
|
| 700 |
1 |
|
|a Stewart, Tim.
|
| 710 |
2 |
|
|a Teachers of English to Speakers of Other Languages.
|
| 852 |
4 |
|
|a Ayesha Abed Library
|j General shelf
|
| 999 |
|
|
|c 8599
|d 8599
|
| 952 |
|
|
|0 0
|1 0
|2 ddc
|4 0
|6 428_007100000000000_INS_2009
|7 0
|9 10238
|a BRACUL
|b BRACUL
|c GEN
|d 2010-05-17
|l 4
|m 21
|o 428.0071 INS
|p 3010020244
|r 2018-05-24
|s 2018-05-08
|t 1
|w 2010-05-17
|y BK
|